Country Word Mine Quiz Stats

 Plays Quiz Updated Apr 6, 2016

Challenge
Share
Tweet
Embed
Score 0/30 Timer 08:00
1 Play Today
Clue Answer % Correct
MaizeCorn
89.6%
The centre of the Earth or the centre of an appleCore
89.3%
Actress Diaz or filmmaker JamesCameron
82.8%
Blind person's aid or sugar sourceCane
78.6%
He was a president, or she famously sang 'Happy Birthday, Mr. President'Monroe
76.6%
This cartoon company's products backfired so many times, I think the Roadrunner owned itAcme
69.9%
4840 square yardsAcre
64.4%
A mighty oak can from a little one growAcorn
63.1%
This Shakespearean-named character 'Must Die' in a 2000 Jet Li filmRomeo
61.7%
Comedian Ray had his own sitcom from 1996-2005Romano
56.6%
The Mystery Country, whose name contains all of the letters for every answer in this quizCameroon
56.4%
Sailor, Harvest or WarrenMoon
55%
Singer Billy had a number of '80s hits, none about the Pacific or AtlanticOcean
54.7%
Weapon, spray or WinduMace
54%
French, Catalan and Romanian are in this family of languagesRomance
53.7%
Clue Answer % Correct
To sing in the pop style of Michael Bublé, Mel Tormé or Rudy ValléeCroon
52.3%
Birchbark watercraftCanoe
49.5%
The iris and pupil are covered by thisCornea
49%
A term for a mansion; Bruce Wayne had a stately oneManor
47.9%
Surname of the actress whose name was often abbreviated as MTMMoore
46.6%
Term once applied to people with an IQ of 51-70, one step above 'imbecile'Moron
46.4%
To strand a castawayMaroon
44.7%
The Grimaldi family rules this European PrincipalityMonaco
43.9%
Power trio that included Jack Bruce, Ginger Baker and Eric ClaptonCream
43.8%
This NFL quarterback once dated Jessica SimpsonRomo
39.6%
Gathering of military information in the field, brieflyRecon
31.7%
Escamillo sings Toreador in this Bizet operaCarmen
28.6%
One who emits mournful cries; complainerMoaner
20.1%
1976 Gregory Peck horror classic 'The ___'Omen
15.8%
Billiard shot in which the cue ball strikes two balls successivelyCarom
11.9%

You're not logged in!

Compare scores with friends on all Sporcle quizzes.
OR
Log In

You Might Also Like...

Show Comments

Extras

Top Quizzes Today


Score Distribution

Your Account Isn't Verified!

In order to create a playlist on Sporcle, you need to verify the email address you used during registration. Go to your Sporcle Settings to finish the process.

Report this User

Report this user for behavior that violates our Community Guidelines.

Details: